Creer, obedecer, combatir hasta el fin del mundo. El fascismo italiano en Chile (1922-1950).
Gorde:
| Egile nagusia: | |
|---|---|
| Beste egile batzuk: | |
| Formatua: | Ezezaguna |
| Argitaratua: |
Santiago, Chile:
Fondo de Cultura Económica,
2022.
|
| Edizioa: | Primera edición. |
| Saila: | Historia
|
| Gaiak: | |
| Etiketak: |
Etiketa erantsi
Etiketarik gabe, Izan zaitez lehena erregistro honi etiketa jartzen!
|
MARC
| LEADER | 00000 a2200000 4500 | ||
|---|---|---|---|
| 003 | CL-VaPUC | ||
| 005 | 20230123090955.0 | ||
| 008 | 230110t2022 ||||| |||| 00| 0 eng d | ||
| 999 | |c 439500 |d 439498 | ||
| 020 | |a 978-956-289-261-2 | ||
| 040 | |c Pontificia Universidad Católica de Valparaíso | ||
| 082 | |a 320.5330983 NOC 2022 |2 22 | ||
| 100 | |a Nocera, Raffaele |9 522333 |e autor | ||
| 245 | 1 | |a Creer, obedecer, combatir hasta el fin del mundo. |b El fascismo italiano en Chile (1922-1950). | |
| 250 | |a Primera edición. | ||
| 260 | |a Santiago, Chile: |b Fondo de Cultura Económica, |c 2022. | ||
| 300 | |a 280 páginas. | ||
| 490 | |a Historia | ||
| 583 | |k GC |c 20230110 | ||
| 600 | 0 | |9 315529 |a Mussolini, Benito, |d 1883-1945 |x Fascismo |y Siglo 20 |z Italia | |
| 650 | 0 | |9 255687 |a Fascismo |x Historia |y 1922-1950 |z Chile |z Italia | |
| 651 | 0 | |9 254862 |a Chile |x Fascistas |y Siglo 20 | |
| 700 | |a Trento, Angelo |e autor |9 879800 | ||
| 942 | |2 ddc |c BK | ||
| 952 | |0 0 |1 0 |2 ddc |4 0 |6 320_533098300000000_NOC_2022 |7 0 |8 A |9 588473 |a BIBHIS |b BIBHIS |c GEN |d 2023-01-03 |e 3 |g 13775.00 |i 5656253 |l 1 |o 320.5330983 NOC 2022 |p 5656253 |r 2025-01-20 |s 2023-04-24 |t 1 |v 13775.00 |w 2023-01-03 |y BK |k HIS | ||